Southville International School and Colleges
Your cart is empty.
  • Cart
  • Lists
    Public lists Eva Luna New books Lux_list list_1
    Your lists Log in to create your own lists
  • Log in to your account
  • Your cookies
  • Search history
Southville International School and Colleges
  • Advanced search
  • Recent comments
  • Most popular
  • Libraries

Log in to your account

Log in with GOOGLE


If you do not have an external account, but do have a local account, you can still log in:

  1. Home
  2. MARC view: The legacy of the crash :
Normal view MARC view ISBD view

The legacy of the crash : (Record no. 275369)

[ view plain ]
MARC details
000 -LEADER
fixed length control field 01473cam a2200373 a 4500
001 - CONTROL NUMBER
control field 16991758
005 - DATE AND TIME OF LATEST TRANSACTION
control field 20140903113801.0
008 - FIXED-LENGTH DATA ELEMENTS--GENERAL INFORMATION
fixed length control field 111006s2011 nyua 101 0 eng
010 ## - LIBRARY OF CONGRESS CONTROL NUMBER
LC control number 2011040373
020 ## - INTERNATIONAL STANDARD BOOK NUMBER
International Standard Book Number 9780230304581 (alk. paper)
020 ## - INTERNATIONAL STANDARD BOOK NUMBER
International Standard Book Number 9780230304598 (pbk. : alk. paper)
040 ## - CATALOGING SOURCE
Original cataloging agency DLC
Transcribing agency DLC
Modifying agency DLC
042 ## - AUTHENTICATION CODE
Authentication code pcc
043 ## - GEOGRAPHIC AREA CODE
Geographic area code e-uk---
-- n-us---
050 00 - LIBRARY OF CONGRESS CALL NUMBER
Classification number HB 3722
Item number .L44 2011
082 00 - DEWEY DECIMAL CLASSIFICATION NUMBER
Classification number 330.973
245 04 - TITLE STATEMENT
Title The legacy of the crash :
Remainder of title how the financial crisis changed America and Britain /
Statement of responsibility, etc edited by Terrence Casey.
260 ## - PUBLICATION, DISTRIBUTION, ETC. (IMPRINT)
Place of publication, distribution, etc New York :
Name of publisher, distributor, etc Palgrave Macmillan,
Date of publication, distribution, etc 2011.
300 ## - PHYSICAL DESCRIPTION
Extent xv, 291 p. :
Other physical details ill. ;
Dimensions 23 cm.
500 ## - GENERAL NOTE
General note Papers presented at a conference organized by the British Politics Group in September 2010.
504 ## - BIBLIOGRAPHY, ETC. NOTE
Bibliography, etc Includes index.
521 ## - TARGET AUDIENCE NOTE
Target audience note
650 #0 - SUBJECT ADDED ENTRY--TOPICAL TERM
Topical term or geographic name as entry element Global Financial Crisis, 2008-2009
Form subdivision Congresses.
650 #0 - SUBJECT ADDED ENTRY--TOPICAL TERM
Topical term or geographic name as entry element Financial crises
Geographic subdivision Great Britain
Form subdivision Congresses.
650 #0 - SUBJECT ADDED ENTRY--TOPICAL TERM
Topical term or geographic name as entry element Financial crises
Geographic subdivision United States
Form subdivision Congresses.
651 #0 - SUBJECT ADDED ENTRY--GEOGRAPHIC NAME
Geographic name Great Britain
General subdivision Economic policy
Chronological subdivision 1997-
Form subdivision Congresses.
651 #0 - SUBJECT ADDED ENTRY--GEOGRAPHIC NAME
Geographic name United States
General subdivision Economic policy
Chronological subdivision 2001-2009
Form subdivision Congresses.
651 #0 - SUBJECT ADDED ENTRY--GEOGRAPHIC NAME
Geographic name United States
General subdivision Economic policy
Chronological subdivision 2009-
Form subdivision Congresses.
700 1# - ADDED ENTRY--PERSONAL NAME
Personal name Casey, Terrence.
710 2# - ADDED ENTRY--CORPORATE NAME
Corporate name or jurisdiction name as entry element British Politics Group.
906 ## - LOCAL DATA ELEMENT F, LDF (RLIN)
a 7
b cbc
c orignew
d 1
e ecip
f 20
g y-gencatlg
942 ## - ADDED ENTRY ELEMENTS (KOHA)
Source of classification or shelving scheme Library of Congress Classification
Koha item type Books
Call number prefix Foreign
Holdings
Withdrawn status Lost status Source of classification or shelving scheme Damaged status Not for loan Home library Current library Shelving location Date acquired Source of acquisition Total Checkouts Full call number Barcode Date last seen Price effective from Koha item type
    Library of Congress Classification   On Process College Library College Library Graduate Section 09/03/2014 Donation   HB 3722 .L44 2011 C18560 03/14/2017 09/03/2014 Books

The legacy of the crash :

APA

Casey T., British Politics Group, . (2011). The legacy of the crash. New York: Palgrave Macmillan.

Chicago

Casey Terrence, British Politics Group, . 2011. The legacy of the crash. New York: Palgrave Macmillan.

Harvard

Casey T., British Politics Group, . (2011). The legacy of the crash. New York: Palgrave Macmillan.

MLA

Casey Terrence, British Politics Group, . The legacy of the crash. New York: Palgrave Macmillan. 2011.

  • Place hold
  • Print
  • Cite
  • Add to your cart (remove)
  • Save record
    BIBTEX Dublin Core MARCXML MARC (non-Unicode/MARC-8) MARC (Unicode/UTF-8) MARC (Unicode/UTF-8, Standard) MODS (XML) RIS
  • More searches
    Search for this title in:
    Other Libraries (WorldCat) Other Databases (Google Scholar) Online Stores (Bookfinder.com) Open Library (openlibrary.org)

Exporting to Dublin Core...

SOUTHVILLE LIBRARY

Southville International School and Colleges Library

1281 Tropical Ave. Cor. Luxembourg St., BF Homes International, Las Pinas City

Tel. No. 8256374 / 252358 Loc. 117/146

Powered by Koha